Statistics for RUFUS DU SOL Charting Songs (Billboard Hot Dance)

Click here to take the quiz!

General Stats

  • This quiz has been taken 26 times
    (14 since last reset)
  • The average score is 9 of 14

Answer Stats

AlbumWeeks OnPeakArtist(s)Song% Correct
Solace5 Weeks#42RUFUS DU SOLUnderwater
100%
Surrender16 Weeks#18RUFUS DU SOLAlive
89%
Surrender20 Weeks#19RUFUS DU SOLNext to Me
78%
Solace4 Weeks#31RUFUS DU SOLNo Place
78%
Surrender
20 Weeks#14RUFUS DU SOLOn My Knees
78%
Solace19 Weeks#28RUFUS DU SOLTreat You Better
78%
Surrender1 Week#37RUFUS DU SOL ft. Curtis HardingSurrender
67%
Surrender1 Week#42RUFUS DU SOLDevotion
56%
Surrender10 Weeks#20RUFUS DU SOLI Don't Wanna Leave
56%
Solace1 Week#49RUFUS DU SOLLost In My Mind
56%
Surrender2 Weeks#24RUFUS DU SOLMake It Happen
56%
Surrender1 Week#47RUFUS DU SOLWildfire
56%
Surrender1 Week#39RUFUS DU SOLAlways
44%
Surrender1 Week#34RUFUS DU SOLSee You Again
44%

Score Distribution

Percentile by Number Answered

Percent of People with Each Score

Your Score History

You have not taken this quiz since the last reset